El canonigo Mauricio Zavala (Record no. 36729)

MARC details
000 -LEADER
campo de control de longitud fija 01504aam a2200421 i 4500
001 - NÚMERO DE CONTROL
campo de control MOR01000036752
005 - FECHA Y HORA DE LA ÚLTIMA TRANSACCIÓN
campo de control 20260417135937.0
007 - CAMPO FIJO DE DESCRIPCIÓN FÍSICA--INFORMACIÓN GENERAL
campo de control de longitud fija ta
008 - DATOS DE LONGITUD FIJA--INFORMACIÓN GENERAL
campo de control de longitud fija 853107s1972 slmacf g 000 0bspa d
035 ## - NÚMERO DE CONTROL DEL SISTEMA
Número de control de sistema 851093
040 ## - FUENTE DE CATALOGACIÓN
Centro catalogador/agencia de origen mxcmmo
Lengua de catalogación spa
Normas de descripción rda
Centro/agencia transcriptor mxcmmo
041 0# - CÓDIGO DE IDIOMA
Código de lengua del texto/banda sonora o título independiente spa
043 ## - CÓDIGO DE ÁREA GEOGRÁFICA
Código de área geográfica n-mx-sl
045 ## - PERIODO DE TIEMPO DEL CONTENIDO
Código de periodo de tiempo w-w-
082 04 - NÚMERO DE LA CLASIFICACIÓN DECIMAL DEWEY
Número de clasificación 972.44
Número de ítem MIS.2
100 1# - ENTRADA PRINCIPAL--NOMBRE DE PERSONA
Nombre de persona Rodríguez Barragán, Nereo
Fechas asociadas al nombre n. 1887
Término indicativo de función/relación autor
9 (RLIN) 1410
245 13 - MENCIÓN DEL TÍTULO
Título El canonigo Mauricio Zavala
Resto del título : apóstol del agrarismo en el valle del maíz/
Mención de responsabilidad, etc. Nereo Rodríguez Barragán ; pról. de Roberto Llamas Fernández
250 ## - MENCION DE EDICION
Mención de edición 3a ed. correg. y aum.
264 #1 - PRODUCCIÓN, PUBLICACIÓN, DISTRIBUCIÓN, FABRICACIÓN Y COPYRIGHT
Producción, publicación, distribución, fabricación y copyright [San Luis Potosí] :
Nombre del de productor, editor, distribuidor, fabricante Sociedad Potosina de Estudios Históricos,
Fecha de producción, publicación, distribución, fabricación o copyright 1972.
300 ## - DESCRIPCIÓN FÍSICA
Extensión 33 páginas:
Otras características físicas ilustraciones, retratos, láminas;
Dimensiones 23 cm
336 ## - TIPO DE CONTENIDO
Término de tipo de contenido texto
Código de tipo de contenido txt
Fuente rdacontent
337 ## - TIPO DE MEDIO
Nombre/término del tipo de medio sin medio
Código del tipo de medio n
Fuente rdamedia
338 ## - TIPO DE SOPORTE
Nombre/término del tipo de soporte volumen
Código del tipo de soporte nc
Fuente rdacarrier
600 #7 - PUNTO DE ACCESO ADICIONAL DE MATERIA--NOMBRE DE PERSONA
Nombre de persona Zavala, Mauricio
9 (RLIN) 68389
651 #7 - PUNTO DE ACCESO ADICIONAL DE MATERIA--NOMBRE GEOGRÁFICO
Nombre geográfico San Luis Potosí
Subdivisión general Condiciones rurales
9 (RLIN) 65545
700 1# - ENTRADA AGREGADA--NOMBRE PERSONAL
Nombre de persona Llamas Fernández, Roberto
Término indicativo de función/relación prologuista
9 (RLIN) 68390
710 2# - ENTRADA AGREGADA--NOMBRE DE ENTIDAD CORPORATIVA
Nombre de entidad corporativa o nombre de jurisdicción como elemento de entrada Sociedad Potosina de Estudios Históricos
9 (RLIN) 12625
900 ## - ELEMENTOS DE DATOS A LOCAL, LDA (RLIN)
Nombre de persona ALEPH14
Numeración 10
Títulos y otros términos asociados al nombre 20061103
Lenguaje de la obra MOR01
-- 1045
900 ## - ELEMENTOS DE DATOS A LOCAL, LDA (RLIN)
Nombre de persona BATCH-UPD
Numeración 00
Títulos y otros términos asociados al nombre 20120323
Lenguaje de la obra MOR01
-- 1737
900 ## - ELEMENTOS DE DATOS A LOCAL, LDA (RLIN)
Nombre de persona BATCH-UPD
Numeración 10
Títulos y otros términos asociados al nombre 20120321
Lenguaje de la obra MOR01
-- 1656
900 ## - ELEMENTOS DE DATOS A LOCAL, LDA (RLIN)
Nombre de persona BATCH
Numeración 00
Títulos y otros términos asociados al nombre 20120322
Lenguaje de la obra MOR01
-- 1719
900 ## - ELEMENTOS DE DATOS A LOCAL, LDA (RLIN)
Nombre de persona DYNIX
Numeración 00
Títulos y otros términos asociados al nombre 20030304
Lenguaje de la obra MOR01
-- 1718
900 ## - ELEMENTOS DE DATOS A LOCAL, LDA (RLIN)
Nombre de persona MARC21
Numeración 40
Títulos y otros términos asociados al nombre 20180427
Lenguaje de la obra MOR01
-- 1102
904 ## - ELEMENTOS DE DATOS D LOCAL, LDD (RLIN)
a UPDATE
942 ## - ELEMENTOS DE ENTRADA SECUNDARIOS (KOHA)
Código de la institución [OBSOLETO] BK
901 ## - ELEMENTOS DE DATOS A LOCAL LDA (RLIN)
a Verónica Silva
Holdings
Estatus retirado Estado de pérdida Fuente del sistema de clasificación o colocación Estado de daño No para préstamo Colección Biblioteca de origen Biblioteca actual Ubicación en estantería Fecha de adquisición Número de inventario Total de préstamos Signatura topográfica completa Código de barras Visto por última vez Precio de reemplazo Tipo de ítem Koha Enumeración/cronología de publicación seriada
    Clasificación Decimal Dewey     Libros (General) Biblioteca Instituto Mora Biblioteca Instituto Mora Regular 21/06/1994 028250   (G)/972.44 MIS.2 33291000329629 03/09/2024 03/09/2024 Libro préstamo regular  
    Clasificación Decimal Dewey     Libros (General) Biblioteca Instituto Mora Biblioteca Instituto Mora Regular 21/06/1994 028255   (G)/972.44 MIS.2 33291000329637 03/09/2024 03/09/2024 Libro préstamo regular ej. 2